| 000 | 00629nam a22001575i 4500 | ||
|---|---|---|---|
| 001 | 164748 | ||
| 003 | ES-MaACL | ||
| 005 | 20230906213009.0 | ||
| 008 | 050804s1876 sp | |||||||| ||spa d | ||
| 040 |
_aCAM _bspa _cCAM |
||
| 100 | 1 |
_aSantin, Francisco. _9132446 |
|
| 245 | 1 | 0 |
_aMasaniello _b: drama en cuatro actos / _cpor Francisco Santín. |
| 260 |
_aMadrid : _b[s.n.], _c1876 ( _fImprenta de José Rodríguez) |
||
| 300 |
_a76 p. ; _c19 cm. |
||
| 852 |
_aES-MaACL _jF-8558(4) _z-- Enc. pasta española, falto de la cub. original _z-- Enc. en un vol. facticio, formando parte de la col. facticia: "Teatro español moderno" v. 10 |
||
| 999 |
_c164748 _d164748 |
||